Estrategias de branding para la Empresa Comercializadora de Granos Ecológicos Cogreco SRL. de la ciudad de Oruro. / (Registro nro. 16171)

Detalles MARC
000 -LEADER
campo de control de longitud fija 01067nam a22002774aa4500
003 - IDENTIFICADOR DE NÚMERO DE CONTROL
campo de control BOFEUTO
005 - FECHA Y HORA DE LA ÚLTIMA TRANSACCIÓN
campo de control 20260513104141.0
008 - DATOS DE LONGITUD FIJA--INFORMACIÓN GENERAL
campo de control de longitud fija 260504t2025 bo gr 000 f spa d
040 ## - FUENTE DE CATALOGACIÓN
Enlace BOFEUTO
Centro catalogador/agencia de origen BOFEUTO
Centro/agencia transcriptor BOFEUTO
041 ## - CÓDIGO DE IDIOMA
Código de lengua del texto/banda sonora o título independiente spa
044 ## - CÓDIGO DEL PAÍS DE LA ENTIDAD EDITORA/PRODUCTORA
Código MARC del país bo
082 ## - NÚMERO DE LA CLASIFICACIÓN DECIMAL DEWEY
Número de clasificación TE6316
Número de ítem Sa194e
100 ## - ENTRADA PRINCIPAL--NOMBRE DE PERSONA
Nombre de persona Sánchez Flores, Leila Aurora
Término indicativo de función/relación autor
245 ## - MENCIÓN DEL TÍTULO
Título Estrategias de branding para la Empresa Comercializadora de Granos Ecológicos Cogreco SRL. de la ciudad de Oruro. /
Mención de responsabilidad, etc. Leila Aurora Sánchez Flores, Claudia Gutiérrez Ledezma
260 ## - PUBLICACIÓN, DISTRIBUCIÓN, ETC.
Lugar de publicación, distribución, etc. Oruro :
Nombre del editor, distribuidor, etc. s/n,
Fecha de publicación, distribución, etc. 2025.
300 ## - DESCRIPCIÓN FÍSICA
Extensión 188 hojas ;
Otras características físicas gráf, ilus. ;
Dimensiones 28.5 cm.
500 ## - NOTA GENERAL
Nota general Incluye bibliografía, anexos.
502 ## - NOTA DE TESIS
Nota de tesis Tesis Dirigida, (Licenciatura) -- Universidad Técnica de Oruro, Facultad de Ciencias Económicas, Financieras y Administrativas, Carrera Administración de Empresas, 2025.
650 ## - PUNTO DE ACCESO ADICIONAL DE MATERIA--TÉRMINO DE MATERIA
Término de materia o nombre geográfico como elemento de entrada Estrategias de Branding
653 ## - TÉRMINO DE INDIZACIÓN--NO CONTROLADO
Término no controlado Empresas
653 ## - TÉRMINO DE INDIZACIÓN--NO CONTROLADO
Término no controlado Crecimiento
653 ## - TÉRMINO DE INDIZACIÓN--NO CONTROLADO
Término no controlado Investigación
653 ## - TÉRMINO DE INDIZACIÓN--NO CONTROLADO
Término no controlado Mercado
700 ## - ENTRADA AGREGADA--NOMBRE PERSONAL
Nombre de persona Gutiérrez Ledezma, Claudia
Término indicativo de función/relación tutor
942 ## - ELEMENTOS DE ENTRADA SECUNDARIOS (KOHA)
Fuente del sistema de clasificación o colocación Clasificación Decimal Dewey
Tipo de ítem Koha Tesis
Suprimir en OPAC No
Existencias
Estatus retirado Estado de pérdida Fuente del sistema de clasificación o colocación Estado de daño No para préstamo Biblioteca de origen Biblioteca actual Ubicación en estantería Fecha de adquisición Número de inventario Total de préstamos Signatura topográfica completa Código de barras Visto por última vez Copia número Precio de reemplazo Tipo de ítem Koha
No dañado Disponible Clasificación Decimal Dewey No Dañado Disponible Biblioteca Central Biblioteca Central Tesis 04/05/2026 6316   TE6316/Sa194e/2025 TE6316 13/05/2026 Ej.1 13/05/2026 Tesis

Biblioteca Central
Dirección: Calle Cochabamba entre 6 de Octubre y Potosí s/n
Teléfono: (591-2)5281707 - 2-52-38450
Contacto: biblioteca.central@gmail.com